❔Qui sont ces "femmes dont les discours résonnent" ? (clic quiz) - Statistiques

Statistiques générales
  • Ce quiz a été pris 12 fois
  • Le résultat moyen est 12 sur 53
Statistiques - réponses
Hint Extra Hint Explanation Réponse % Correct
Chancelière d'Allemagne (depuis 2005) [- 2021] Discours au Congrès des États-Unis, 2009 Angela Merkel
89%
Reine d'Angleterre (1558-1603)
Face à l'armada espagnole, 1598 Élisabeth 1ère
89%
Actrice et militante Lancement de la campagne HeforShe, 2014 Je vous invite à vous manifester, à faire entendre vos idées, à être le "lui" pour "elle" et à vous demander : si je ne le fais pas, qui le fera ? Si je ne le fais pas maintenant, alors quand ? Emma Watson
78%
Physicienne et chimiste Discours de réception du prix Nobel : le radium et les nouveaux concepts en chimie, 1911 Les découvertes se sont succédé à un grand rythme, et il est apparu évident qu'une nouvelle science était en train de se créer. Marie Curie
78%
Ministre de la Santé (1974 - 1979) Discours sur la loi sur l'avortement à l'Assemblée nationale, 1974 [...] je dis que nous sommes dans une situation de désordre et d'anarchie qui ne peut plus continuer. Simone Veil
78%
Avocate, féministe et autrice Plaidoirie de Me [Prénom Nom] au procès de Bobigny, 1972 Gisèle Halimi
67%
Première dame des États-Unis (1993 - 2001) et politicienne Déclarations à la quatrième Conférence des Nations unies sur les femmes, 1995 Hillary Clinton
67%
Première dame des États-Unis (1933 - 1945) et diplomate Les Nations unies sont un pont, 1954 Eleanor Rossevelt
56%
Militante pour l'éducation de la femme Discours de réception du prix Nobel, 2014 Je raconte mon histoire, pas parce qu'elle est unique, mais parce qu'elle ne l'est pas. C'est l'histoire de nombreuses filles. Malala Yousafzai
56%
Première dame des États-Unis (2009 - 2017) et avocate Discours à la convention nationale des démocrates, 2016 [...] notre devise, c'est : quand ils s'abaissent, nous nous élevons. Michelle Obama
56%
Militante politique Discours contre l'esclavage, 1838 Angelina Grimké
44%
Première ministre de l'Inde (1966 - 1977, 1980 - 1984) La vraie libération des femmes, 1980 Indira Gandhi
44%
Romancière et essayiste Discours de réception à l'Académie française, 1981 Marguerite Yourcenar
44%
Présidente des Philippines (1986 - 1992) Discours durant la session conjointe du Congrès des États-Unis, 1986 Corazon C. Aquino
33%
Militante et écrivaine Une ode aux femmes noires, 2017 Voici une ode au potentiel et aux possibilités Alicia Garza
22%
Militante politique Le vlog qui a participé à déclencher la révolution égyptienne, 2011 Asmaa Mahfouz
22%
Autrice et militante pour le droit des femmes Nous sommes tous des féministes, 2014 Chimamanda Ngozi Adichie
22%
Première dame d'Argentine (1946 - 1952), personnalité politique et actrice Discours aux 'Descaminados', 1951 Eva Perón
22%
Militante politique et autrice La vie et l'héritage de Louis Braille, 1952 Helen Keller
22%
Militante des droits de la femme Discours à la Conférence féministe arabe, 1944 La femme demande aussi puissamment que ses poumons le lui permettent que lui soient rendus ses pouvoirs politiques, pouvoirs que lui accorde la charia et que requiert la présente situation Huda Sha'arawi
22%
Éthologue et écologiste Sauver la planète - des raison d'espérer, 2016 Jane Goodall
22%
Romancière Discours de réception du prix Nobel, 1993 Une langue oppressante est plus qu'une représentation de la violence ; elle est la violence elle-même Toni Morrison
22%
Scientifique et cytogénéticienne Discours de réception du prix Nobel, 1983 Barbara McClintock
11%
Suffragette La solitude du moi, 1892 Pour conduire notre propre navire, nous devons être capitaine, pilote, ingénieure, et disposer d'une carte et d'une boussole [...] Elizabeth Cady Stanton
11%
Présidente du Libéria (2006 - 2018) Discours de réception du prix Nobel, 2011 Mes sœurs, mes filles, mes amies, trouvez votre voix ! Ellen Johnson Sirleaf
11%
Présidente du conseil de la Société des femmes danoises (1894 - 1910) Victoire pour le droit de vote, 1915 Jutta Bojsen-Møller
11%
Militante des droits de la femme et réformatrice sociale La moralité du contrôle des naissances, 1921 Margaret Sanger
11%
Journaliste et abolitionniste Discours d'adieu, 1833 [...] ce n'est pas la couleur de la peau qui définit les hommes ou les femmes, mais les principes qui les animent. Maria Stewart
11%
Autrice et militante Déclaration aux Affaires amérindiennes, 1884 Je vous demande de nous réintégrer et de nous restituer un territoire, peu importe son emplacement, du moment que c'est chez nous [...] Sarah Winnemucca
11%
Abolitionniste et militante des droits de la femme Ne suis-je pas une femme ? , 1851 Sojourner Truth
11%
Romancière Discours de cérémonie de remise des diplômes gaucher, 1983 Les espoirs que nous entretenons s'y trouvent. [...] Pas dans la lumière aveuglante, mais dans la noirceur qui nourrit, là où les êtres humains voient naître leur âme. Ursula K. Le Guin
11%
Directrice générale de la Campagne internationale pour l'abolition des armes nucléaires (depuis 2014) Discours de réception du pris Nobel, 2017 Beatrice Fihn
0%
Suffragette et politicienne Les femmes, les idéaux et la nation, 1909 Comtesse Markievicz
0%
Suffragette La liberté ou la mort, 1913 Si nous remportons ce combat, le plus difficile d'entre tous, alors, assurément, les femmes du monde entier pourront à leur tour plus aisément gagner leur combat Emmeline Pankhurst
0%
Réformatrice sociale De la libre réflexion en tant que moyen de parvenir à un juste savoir, 1829 Fanny Wright
0%
Militante politique et des droits de la femme Une discussion sur les femmes, vers 1949 Funmilayo Ransome-Kuti
0%
Journaliste et militante politique Discours à la Marche des femmes, 2017 Nous sommes le peuple. Nous avons le pouvoir du peuple et nous l'utiliserons Gloria Steinem
0%
Journaliste et militante des droits civils Cet horrible massacre, 1909 Ida B. Wells
0%
Première ministre d'Australie (2010 - 2013) Discours sur la misogynie, 2012 Je ne recevrai pas de leçons sur le sexisme et la misogynie de la part de cet homme. Julia Gillard
0%
Militante des droits de la femme Conduire pour la liberté, 2012 Manal al-Sharif
0%
Militante des droits civils et suffragette Ce que signifie être une personne de couleur dans la capitale des États-Unis, 1906 [...] le gouffre qui sépare les principes selon lesquels le gouvernement a été créé [...] et ceux qui sont appliqués quotidiennement sous la protection du drapeau est horriblement large et profond. Mary Church Terrell
0%
Sculptrice et architecte Discours de cérémonies de remise des diplômes de l’École des arts visuels, 2018 Ayez confiance que votre voix peut faire changer les choses Maya Lin
0%
La première femme députée à siéger à la Chambre des communes britannique (1919 - 1945) Premier discours au parlement, 1920 Nancy Astor
0%
Autrice La place d'une femme, 1992 Naomi Wolf
0%
Autrice et suffragette Les hommes devraient-ils voter ? 1914 [...] Oh que non, l'homme a été conçu pour un dessein plus important et sacré que celui de voter Nellie McClung
0%
Militante écologiste Discours à la Conférence des Nations unies sur l'environnement et le développement, 1992 Ma colère ne me rend pas aveugle et ma peur ne m'empêche pas de dire au monde ce que je ressens. Severn Cullis-Suzuki
0%
Directrice de l'exploitation chez Facebook (depuis 2008) [- 2022] Discours de cérémonie de remise des diplômes à l'Université Barnard, 2011 Sheryl Sandberg
0%
Membre du Congrès des Etats-Unis (1969 - 1983) L'égalité des droits pour les femmes, 1969 Et les femmes qui ne se conforment pas au système, qui tentent de déroger des modèles acceptés, sont stigmatisées et traitées d' "étranges" et de "non féminines". Shirley Chisholm
0%
Militante LGBTQ Vous feriez mieux de vous taire, 1973 Sylvia Rivera
0%
Réformatrice sociale Les principes de la liberté sociale, 1871 Aimer est un droit qui 'prime' sur les constitutions et les lois. Victoria Woodhull
0%
Autrice et journaliste Des professions pour les femmes, 1931 [...] je plaiderais la légitime défense : c'était elle ou c'était moi. Elle aurait vidé mon écriture de toute substance. Virginia Woolf
0%
Militante politique Discours de réception du prix Nobel, 2004 Wangari Maathai
0%
Grande cheffe de la nation cherokee (1985 - 1995) Discours de cérémonie de remise des diplômes à l'Université de l'Arizona du Nord, 1992 Wilma Mankiller
0%
Aucun quiz correspondant
Distribution des résultats
% des personnes avec chaque résultat
Percentile par nombre de réponses
Votre historique - résultats
Vous n’avez pas pris ce quiz